000 00779nam a2200241 i 4500
001 000034198
003 DO-SdBNP
005 20230517151845.0
007 ta
008 110927s1988 dr acg 000 0 spa d
040 _aDO-SdBNP
_bspa
_cBNPHU
_erda
082 4 _bR311
_222
245 0 0 _aRecopilación de la música popular dominicana. /
_ceditor L. Almanzor Gónzalez Canahuate.
264 _aSanto Domingo :
_bCorripio,
_c1988.
300 _a454 páginas :
_bilustraciones, retratos y música ;
_c28 cm.
336 _2rdacontent
_atexto
_btxt
337 _2rdamedia
_asin mediación
_bn
338 _2rdacarrier
_avolumen
_bnc
590 _aInventariado, 2023/BT
700 1 _aGónzalez Canahuate, L. Amanzor,
_d1935-
_959620
_eeditor
910 _aBtavárez
942 _2ddc
_cLBS1
999 _c33689
_d33689